Principles of services marketing / (Record no. 11446)

MARC details
000 -LEADER
fixed length control field 00654nam a22002172 4500
001 - CONTROL NUMBER
control field 0000023335
005 - DATE AND TIME OF LATEST TRANSACTION
control field 20151217154502.0
008 - FIXED-LENGTH DATA ELEMENTS--GENERAL INFORMATION
fixed length control field 121112s xx 000 0 eng d
020 ## - INTERNATIONAL STANDARD BOOK NUMBER
International Standard Book Number 0077129514 :
040 ## - CATALOGING SOURCE
Original cataloging agency KABU
Transcribing agency KABU
100 1# - MAIN ENTRY--PERSONAL NAME
Personal name Palmer, Adrian.
-- 0000182713
245 10 - TITLE STATEMENT
Title Principles of services marketing /
Statement of responsibility, etc. Adrian Palmer.
250 ## - EDITION STATEMENT
Edition statement 6th ed.
260 ## - PUBLICATION, DISTRIBUTION, ETC. (IMPRINT)
Place of publication, distribution, etc. London :
Name of publisher, distributor, etc. McGraw-Hill,
Date of publication, distribution, etc. 2011.
300 ## - PHYSICAL DESCRIPTION
Extent xvii, 525 p.
650 #0 - SUBJECT ADDED ENTRY--TOPICAL TERM
Topical term or geographic name as entry element Marketing
General subdivision Management.
-- 0000150912
650 #0 - SUBJECT ADDED ENTRY--TOPICAL TERM
Topical term or geographic name as entry element Service industries
General subdivision Marketing.
-- 0000151049
852 1# - LOCATION
-- p3604 KES
908 ## - PUT COMMAND PARAMETER (RLIN)
Put command parameter 121112
950 ## - LOCAL HOLDINGS (RLIN)
-- 1
Holdings
Withdrawn status Lost status Source of classification or shelving scheme Not for loan Home library Current library Date acquired Total Checkouts Total Renewals Full call number Barcode Date last seen Date last checked out Price effective from Koha item type
    Library of Congress Classification   Kabarak, Nakuru City Campus Kabarak, Nakuru City Campus 17/12/2015 2 1 HF5415.13 .P35 2011 c. 1 013829 23/08/2022 15/09/2017 17/12/2015 General Collection
Designed with assistance from East African Informatics Ltd